Zdravé domy 2006. Zásady navrhování prostředí a energie = Healthy Houses 2006 : sborník z mezinárodní vědecké konference konané dne 16.6.2006 v Brně = proceedings from the international scientific conference held on 16 June 2006 in Brno

Salvato in:
Dettagli Bibliografici
Natura: Libro
Pubblicazione: Brno : VUT v Brně, 2006
Soggetti:
Tags: Aggiungi Tag
Nessun Tag, puoi essere il primo ad aggiungerne!!

MARC

LEADER 00000nam a22000003a 4500
001 stu121586
005 20141122143300.6
008 060621s2006----------------------------d
020 |a 80-214-3146-6 
040 |a STU  |b slo 
041 0
245 |a Zdravé domy 2006. Zásady navrhování prostředí a energie = Healthy Houses 2006 :  |b sborník z mezinárodní vědecké konference konané dne 16.6.2006 v Brně = proceedings from the international scientific conference held on 16 June 2006 in Brno 
260 |a Brno :  |b VUT v Brně,  |c 2006 
300 |a 135 s 
650 7 |a ekologické domy  |2 stusub 
650 7 |a Materiály stavebné  |2 stusub 
650 7 |a alternatívne materiály  |2 stusub 
650 7 |a ekologická architektúra  |2 stusub 
996 |b 284AB00284  |c A*1189 B  |l AAKNAR  |s A  |a 24  |w stu121586_0001